MARC

Tag First Indicator Second Indicator Subfields
LEADER 00000cam a2200000 a 4500
001 in00001574400
005 20240905124225.0
008 000626s2000 it a 000 0 ita d
019 |a 45549634  |a 966019552  |a 1008223455 
020 |a 8876851135 
020 |a 9788876851131 
029 0 |a C3L  |b 00612340 
029 1 |a AU@  |b 000022798361 
029 1 |a HEBIS  |b 098497456 
029 1 |a AU@  |b 000074493625 
029 1 |a AU@  |b 000075080849 
035 |a (OCoLC)ocm44491620  
035 |a (OCoLC)44491620  |z (OCoLC)45549634  |z (OCoLC)966019552  |z (OCoLC)1008223455 
035 |a (OCoLC)ocm44491620  
040 |a C3L  |b eng  |c C3L  |d VPI  |d OCLCQ  |d BAKER  |d YDXCP  |d AU@  |d OCLCQ  |d HEBIS  |d HLS  |d OCLCF  |d OCLCQ  |d OCLCO  |d OCLCQ  |d OCL  |d CNGUL  |d OCLCQ  |d OCLCO  |d OCLCQ  |d OCLCL 
041 0 |a ita  |a eng 
043 |a e-sz---  |a e-it--- 
045 |a x4x- 
050 4 |a NA7355  |b .N49 2000 
082 0 4 |a 728.80945  |2 21 
084 |a TU241.1  |2 clc 
245 0 0 |a New villas 2 :  |b in Italy & Canton Ticino /  |c a cura di Silvio San Pietro ; testi di Paola Gallo. 
260 |a Milano :  |b Edizioni L'archivolto,  |c 2000. 
300 |a 225 pages :  |b chiefly color illustrations ;  |c 31 cm 
336 |a text  |b txt  |2 rdacontent 
337 |a unmediated  |b n  |2 rdamedia 
338 |a volume  |b nc  |2 rdacarrier 
490 1 |a Nuovi ambienti italiani 
546 |a Text in English and Italian. 
530 |a Also issued online. 
650 0 |a Architecture, Domestic  |z Italy. 
650 0 |a Architecture, Domestic  |z Switzerland  |z Ticino. 
650 0 |a Architecture  |z Italy  |x History  |y 20th century. 
650 0 |a Architecture, Modern  |y 20th century. 
650 6 |a Architecture  |z Italie  |x Histoire  |y 20e siècle. 
650 6 |a Architecture  |y 20e siècle. 
650 7 |a Architecture.  |2 fast  |0 (OCoLC)fst00813346 
650 7 |a Architecture, Domestic.  |2 fast  |0 (OCoLC)fst00813666 
650 7 |a Architecture, Modern.  |2 fast  |0 (OCoLC)fst00813842 
651 7 |a Italy.  |2 fast  |0 (OCoLC)fst01204565  |1 https://id.oclc.org/worldcat/entity/E39PBJvd8mVMcRhwVmbtcqCPcP 
651 7 |a Switzerland  |z Ticino.  |2 fast  |0 (OCoLC)fst01213204  |1 https://id.oclc.org/worldcat/entity/E39QbtfRwcGB89RWjxvqdVFk9c 
650 7 |a Architektur  |2 gnd 
650 7 |a Villa  |2 gnd 
651 7 |a Tessin  |2 gnd 
651 7 |a Italien  |2 gnd 
648 7 |a 1900-1999  |2 fast 
655 7 |a History.  |2 fast  |0 (OCoLC)fst01411628 
700 1 |a San Pietro, Silvio. 
700 1 |a Gallo, Paola. 
776 0 8 |i Online version:  |t New villas in Italy & Canton Ticino.  |b 1. ed.  |d Milano : L'archivolto, 2000  |w (OCoLC)606403753 
830 0 |a Nuovi ambienti italiani. 
938 |a Baker & Taylor  |b BKTY  |c 80.00  |d 60.00  |i 8876851135  |n 0003546453  |s active 
938 |a Casalini Libri  |b CASA  |n 00612340  |c L180000 
938 |a YBP Library Services  |b YANK  |n 1686887 
948 |h NO HOLDINGS IN TXA - 54 OTHER HOLDINGS 
994 |a Z0  |b TXA 
999 f f |s 280190a4-1c1e-3426-b613-a5fa8e59af30  |i 085f1ffb-e671-3884-9496-d34ae5d4c2d0  |t 0 
952 f f |p ric  |a Texas A&M University  |b Rellis Campus  |c Joint Library Facility  |d Remote Storage  |t 0  |e NA7355 .N49 2000  |h Library of Congress classification  |i unmediated -- volume  |m A14826843318 
998 f f |a NA7355 .N49 2000  |t 0  |l Remote Storage